[Event "Pan American Intercollegiate-chT"]
[Site "Chess.com INT"]
[Date "2021.01.05"]
[Round "4"]
[White "Nguyen, Emily"]
[Black "Novikov, Sergei"]
[Result "1-0"]
[WhiteElo "2280"]
[BlackElo "1267"]
[PlyCount "83"]
[EventDate "2021.01.04"]
[EventType "team-swiss (rapid)"]
[EventRounds "9"]
[EventCountry "USA"]
[SourceTitle "CBM 200 Extra"]
[Source "ChessBase"]
[SourceDate "2021.03.31"]
[SourceVersion "1"]
[SourceVersionDate "2021.03.31"]
[SourceQuality "1"]
[WhiteTeam "Stanford"]
[BlackTeam "Georgia Inst of Technology II"]
[WhiteTeamCountry "USA"]
[BlackTeamCountry "USA"]

1. d4 Nf6 2. Bg5 Ne4 3. Bf4 d5 4. f3 Nf6 5. Nc3 Bf5 6. e3 c6 7. g4 Bg6 8. Bd3 e6 9. h4 Bxd3 10. Qxd3 Nbd7 11. Nge2 Nb6 12. 0-0-0 Nc4 13. Rdg1 a5 14. Ng3 b5 15. g5 Nd7 16. h5 a4 17. g6 f5 18. gxh7 b4 19. Nb1 Qb6 20. e4 b3 21. axb3 a3 22. bxa3 Rxa3 23. Nxa3 Bxa3+ 24. Kb1 Bb2 25. Bc1 Bxd4 26. Rd1 c5 27. Ne2 Nde5 28. Nxd4 Nxd3 29. Rxd3 cxd4 30. exd5 Ne5 31. Rdd1 d3 32. Rhe1 dxc2+ 33. Kxc2 Kf7 34. dxe6+ Qxe6 35. Re3 Rxh7 36. Bb2 Qc6+ 37. Rc3 Qb5 38. Rc7+ Kf6 39. Re1 Rxh5 40. Rxe5 Qxe5 41. Rc6+ Ke7 42. Bxe5 1-0

[Event "US Open-120"]
[Site "Orlando"]
[Date "2019.08.10"]
[Round "8"]
[White "Molner, Mackenzie"]
[Black "Nguyen, Emily"]
[Result "1-0"]
[WhiteElo "2447"]
[BlackElo "2105"]
[PlyCount "109"]
[EventDate "2019.08.03"]
[EventType "swiss"]
[EventRounds "9"]
[EventCountry "USA"]
[SourceTitle "CBM 191 Extra"]
[Source "ChessBase"]
[SourceDate "2019.09.30"]
[SourceVersion "1"]
[SourceVersionDate "2019.09.30"]
[SourceQuality "1"]

1. e4 e5 2. Nf3 Nc6 3. Bb5 a6 4. Ba4 Nf6 5. 0-0 Be7 6. Re1 b5 7. Bb3 0-0 8. a4 b4 9. a5 d6 10. c3 Rb8 11. Bc4 Bb7 12. d4 bxc3 13. Nxc3 exd4 14. Nxd4 Nxd4 15. Qxd4 Nxe4 16. Nd5 Bxd5 17. Qxd5 Nc5 18. Ra3 Bf6 19. Rh3 h6 20. Rg3 c6 21. Qxc6 Qxa5 22. Rd1 Rfe8 23. Re3 Rxe3 24. Bxe3 Qa4 25. Qd5 Kh8 26. b3 Qe8 27. Bf4 Be5 28. Bxe5 Qxe5 29. Qxf7 a5 30. Qc7 Rf8 31. Qxa5 Qb2 32. Qe1 Qc2 33. Rd2 Qf5 34. Rxd6 Ne4 35. Rd5 Qf6 36. f3 Qb6+ 37. Kf1 Nf6 38. Rd3 Ng4 39. g3 Qb8 40. Kg2 Ne5 41. Re3 Nxc4 42. bxc4 Qc7 43. Re8 Rxe8 44. Qxe8+ Kh7 45. Qe4+ Kh8 46. h4 Qa5 47. Qd5 Qa2+ 48. Kh3 Qf2 49. h5 Qf1+ 50. Kg4 Kh7 51. c5 Qb5 52. Kf5 Qb8 53. Kg4 Qb5 54. Kh4 Qb4+ 55. Qe4+ 1-0

[Event "USA-ch U20 Girls"]
[Site "Saint Louis"]
[Date "2019.07.14"]
[Round "4"]
[White "Cervantes Landeiro, Thalia"]
[Black "Nguyen, Emily"]
[Result "1/2-1/2"]
[WhiteElo "2147"]
[BlackElo "2102"]
[PlyCount "74"]
[EventDate "2019.07.11"]
[EventType "tourn"]
[EventRounds "9"]
[EventCountry "USA"]
[SourceTitle "CBM 191 Extra"]
[Source "ChessBase"]
[SourceDate "2019.09.30"]
[SourceVersion "1"]
[SourceVersionDate "2019.09.30"]
[SourceQuality "1"]

1. d4 d5 2. c4 c6 3. Nf3 Nf6 4. e3 Bf5 5. Nc3 a6 6. Be2 e6 7. Nh4 Be4 8. f3 Bg6 9. Qb3 b5 10. cxd5 cxd5 11. Bd2 Bd6 12. Rc1 Nbd7 13. g3 Nb6 14. a4 b4 15. Nd1 a5 16. Bb5+ Nfd7 17. Rc6 Qb8 18. 0-0 0-0 19. Nxg6 hxg6 20. f4 Rc8 21. Rxc8+ Qxc8 22. Nf2 Qb7 23. Qd3 Nf6 24. b3 Ne4 25. Rc1 Rc8 26. Rxc8+ Nxc8 27. Nxe4 dxe4 28. Qc2 Ne7 29. Qc4 Qd5 30. Qc2 Kf8 31. Bc1 Qh5 32. Bf1 Qd5 33. Bg2 f5 34. Bf1 Kf7 35. Bb5 Qb7 36. Bb2 Nd5 37. Kf2 Qc7 1/2-1/2

[Event "USA-ch U20 Girls"]
[Site "Saint Louis"]
[Date "2019.07.13"]
[Round "3"]
[White "Feng, Maggie"]
[Black "Nguyen, Emily"]
[Result "0-1"]
[WhiteElo "2198"]
[BlackElo "2102"]
[PlyCount "106"]
[EventDate "2019.07.11"]
[EventType "tourn"]
[EventRounds "9"]
[EventCountry "USA"]
[SourceTitle "CBM 191 Extra"]
[Source "ChessBase"]
[SourceDate "2019.09.30"]
[SourceVersion "1"]
[SourceVersionDate "2019.09.30"]
[SourceQuality "1"]

1. Nf3 d5 2. c4 d4 3. g3 Nc6 4. Bg2 e5 5. d3 Bb4+ 6. Nbd2 a5 7. 0-0 Nf6 8. a3 Be7 9. Qc2 Bf5 10. Ne4 Nxe4 11. dxe4 Be6 12. Ne1 Qd7 13. Nd3 a4 14. Bd2 f6 15. f4 exf4 16. gxf4 0-0 17. Kh1 Na5 18. Bxa5 Rxa5 19. Rg1 b6 20. Bf3 Bd6 21. Rg3 Kh8 22. Rag1 Rg8 23. Qc1 Qf7 24. f5 Bxc4 25. Rh3 Bxd3 26. exd3 g5 27. Bh5 Qd7 28. Qc4 Be5 29. Bd1 Rga8 30. Qc2 Rc5 31. Qe2 Qf7 32. Qf2 Kg8 33. Rh6 Qg7 34. Rh5 b5 35. Qg2 Rd8 36. h4 Bf4 37. hxg5 Bxg5 38. Qh3 Kh8 39. Qh2 Qe7 40. Rh3 Rc1 41. Qe2 Re8 42. Qh5 Rg8 43. Rhg3 c5 44. Qe2 Qe5 45. Rh3 Rg7 46. Qh5 c4 47. Qe2 c3 48. bxc3 dxc3 49. d4 Qxd4 50. Qxb5 Qxe4+ 51. Bf3 Rxg1+ 52. Kxg1 Qe1+ 53. Qf1 Be3+ 0-1

[Event "USA-ch (Women) 59th"]
[Site "Saint Louis"]
[Date "2019.03.28"]
[Round "8"]
[White "Zatonskih, Anna"]
[Black "Nguyen, Emily"]
[Result "1/2-1/2"]
[WhiteElo "2430"]
[BlackElo "2143"]
[PlyCount "93"]
[EventDate "2019.03.20"]
[EventType "tourn"]
[EventRounds "11"]
[EventCountry "USA"]
[EventCategory "2"]
[SourceTitle "CBM 189 Extra"]
[Source "ChessBase"]
[SourceDate "2019.06.03"]
[SourceVersion "1"]
[SourceVersionDate "2019.06.03"]
[SourceQuality "1"]

1. d4 d5 2. c4 c6 3. Nf3 Nf6 4. Nbd2 Bf5 5. Nh4 Be4 6. Qb3 Qb6 7. f3 Qxb3 8. Nxb3 Bc2 9. Bd2 e6 10. g4 h6 11. e3 Be7 12. Ng2 Nbd7 13. Na5 Rb8 14. Rc1 Bh7 15. Kf2 e5 16. cxd5 Nxd5 17. e4 N5b6 18. dxe5 Nxe5 19. Be2 0-0 20. Rhd1 f6 21. Nf4 Kf7 22. Be3 Bb4 23. Nc4 Nbxc4 24. Bxc4+ Nxc4 25. Rxc4 Be7 26. Rd7 Rfd8 27. Rc7 Rdc8 28. Rxc8 Rxc8 29. Bxa7 Ra8 30. Bc5 Rxa2 31. Nd3 Bxc5+ 32. Rxc5 Ke7 33. Ke3 Kd6 34. Rc2 Bg8 35. f4 Ra4 36. Rd2 Be6 37. h4 Ra1 38. g5 hxg5 39. hxg5 fxg5 40. f5 Bc4 41. Nf4+ Kc5 42. Ne6+ Bxe6 43. fxe6 Re1+ 44. Kf3 Rf1+ 45. Ke3 Re1+ 46. Kf3 Rf1+ 47. Ke3 1/2-1/2

[Event "USA-ch (Women) 59th"]
[Site "Saint Louis"]
[Date "2019.03.24"]
[Round "5"]
[White "Nguyen, Emily"]
[Black "Foisor, Sabina Francesca"]
[Result "1/2-1/2"]
[WhiteElo "2143"]
[BlackElo "2276"]
[PlyCount "88"]
[EventDate "2019.03.20"]
[EventType "tourn"]
[EventRounds "11"]
[EventCountry "USA"]
[EventCategory "2"]
[SourceTitle "CBM 189 Extra"]
[Source "ChessBase"]
[SourceDate "2019.06.03"]
[SourceVersion "1"]
[SourceVersionDate "2019.06.03"]
[SourceQuality "1"]

1. d4 d5 2. c4 dxc4 3. Nf3 Nf6 4. e3 Bg4 5. Bxc4 e6 6. Nc3 a6 7. h3 Bh5 8. g4 Bg6 9. Ne5 Bd6 10. Nxg6 hxg6 11. Bf1 c6 12. Bg2 Nbd7 13. 0-0 Nd5 14. f4 Qc7 15. e4 N5b6 16. Qe2 c5 17. e5 Be7 18. d5 exd5 19. Nxd5 Nxd5 20. Bxd5 Nb6 21. Bg2 0-0-0 22. Bd2 Kb8 23. Ba5 c4 24. Kh2 Qc5 25. Bd2 Rd3 26. Rae1 Nd5 27. Rf3 Qd4 28. Rxd3 cxd3 29. Qe4 Qf2 30. Re3 Qxf4+ 31. Qxf4 Nxf4 32. Rf3 g5 33. Bxf4 gxf4 34. Rxd3 Rd8 35. Rxd8+ Bxd8 36. Bd5 Bc7 37. Bxf7 Bxe5 38. b3 f3+ 39. Kg1 Bd4+ 40. Kf1 Kc7 41. Bd5 f2 42. a4 b5 43. axb5 axb5 44. h4 Kd6 1/2-1/2

[Event "Dallas UT Fall op"]
[Site "Dallas"]
[Date "2018.11.20"]
[Round "7"]
[White "Kambrath, Yannick"]
[Black "Nguyen, Emily"]
[Result "0-1"]
[WhiteElo "2336"]
[BlackElo "2278"]
[PlyCount "78"]
[EventDate "2018.11.16"]
[EventType "swiss"]
[EventRounds "9"]
[EventCountry "USA"]
[SourceTitle "CBM 187 Extra"]
[Source "ChessBase"]
[SourceDate "2018.11.04"]
[SourceVersion "1"]
[SourceVersionDate "2018.11.04"]
[SourceQuality "1"]

1. c4 e5 2. Nc3 Nf6 3. e3 Nc6 4. a3 d5 5. cxd5 Nxd5 6. Nf3 Be6 7. Bb5 Nxc3 8. bxc3 Bd6 9. d4 e4 10. d5 exf3 11. dxc6 b6 12. Qxf3 Qg5 13. Bd3 Qe5 14. Bb2 Bd5 15. Qh3 Bxc6 16. 0-0 Bd7 17. Qh4 f6 18. a4 0-0-0 19. a5 Bc6 20. axb6 axb6 21. Ba6+ Kb8 22. Ba3 Qd5 23. Qh3 Be5 24. Be2 Bd7 25. Qh4 g5 26. Qb4 g4 27. Rfd1 Qb7 28. Bb2 Bc6 29. Rxd8+ Rxd8 30. Qxg4 h5 31. Qg7 Qc8 32. Bf1 Rg8 33. Qf7 h4 34. Qc4 Bb7 35. Qa4 Qf5 36. Qxh4 Qf3 37. Qh8 Rxh8 38. gxf3 Rg8+ 39. Bg2 Bxf3 0-1

[Event "Dallas UT Fall op"]
[Site "Dallas"]
[Date "2018.11.18"]
[Round "5"]
[White "Sarkar, Justin"]
[Black "Nguyen, Emily"]
[Result "0-1"]
[WhiteElo "2342"]
[BlackElo "2278"]
[PlyCount "90"]
[EventDate "2018.11.16"]
[EventType "swiss"]
[EventRounds "9"]
[EventCountry "USA"]
[SourceTitle "CBM 187 Extra"]
[Source "ChessBase"]
[SourceDate "2018.11.04"]
[SourceVersion "1"]
[SourceVersionDate "2018.11.04"]
[SourceQuality "1"]

1. d4 d5 2. c4 c6 3. cxd5 cxd5 4. Bg5 Qb6 5. Nc3 Nc6 6. Qd2 e6 7. e3 Bd6 8. Bd3 Nge7 9. Bh4 0-0 10. Nge2 e5 11. dxe5 Bxe5 12. 0-0 Be6 13. Na4 Qc7 14. f4 Bd6 15. f5 Bd7 16. f6 gxf6 17. Nf4 Ne5 18. Rac1 Nc4 19. Qe2 Bxf4 20. Rxf4 Ng6 21. Bg3 Qa5 22. b3 Bxa4 23. bxc4 dxc4 24. Rcxc4 Bb5 25. Qh5 Rfd8 26. Ra4 Qd2 27. Bxb5 Nxf4 28. Rxf4 Qxe3+ 29. Rf2 Rac8 30. Bf1 Rc1 31. Qg4+ Kh8 32. Bf4 Qd4 33. Qe2 Rb1 34. Be3 Qa1 35. g3 Re8 36. Qf3 Qc3 37. Bxa7 Qxf3 38. Rxf3 b6 39. Rxf6 Ra8 40. Rxf7 Kg8 41. Rb7 Rf8 42. Bxb6 Rfxf1+ 43. Kg2 Rf6 44. Rb8+ Kf7 45. Rb7+ Kg6 0-1

[Event "Southwest op 84th"]
[Site "Irving"]
[Date "2018.09.02"]
[Round "6"]
[White "Guo, Arthur"]
[Black "Nguyen, Emily"]
[Result "1/2-1/2"]
[WhiteElo "2283"]
[BlackElo "2194"]
[PlyCount "40"]
[EventDate "2018.08.30"]
[EventType "swiss"]
[EventRounds "9"]
[EventCountry "USA"]
[SourceTitle "CBM 186 Extra"]
[Source "ChessBase"]
[SourceDate "2018.08.24"]
[SourceVersion "1"]
[SourceVersionDate "2018.08.24"]
[SourceQuality "1"]

1. e4 e5 2. Nf3 Nc6 3. Bb5 a6 4. Ba4 Nf6 5. 0-0 Be7 6. Re1 b5 7. Bb3 0-0 8. d3 d6 9. a3 Na5 10. Ba2 Be6 11. Nc3 c5 12. Bg5 Nc6 13. Bxf6 Bxf6 14. Nd5 Bxd5 15. Bxd5 Qc7 16. Nd2 Rad8 17. Nf1 Ne7 18. Ba2 d5 19. exd5 Nxd5 20. Qf3 Nb6 1/2-1/2

[Event "Southwest op 84th"]
[Site "Irving"]
[Date "2018.09.02"]
[Round "7"]
[White "Nguyen, Emily"]
[Black "Stremavicius, Titas"]
[Result "1-0"]
[WhiteElo "2194"]
[BlackElo "2467"]
[PlyCount "96"]
[EventDate "2018.08.30"]
[EventType "swiss"]
[EventRounds "9"]
[EventCountry "USA"]
[SourceTitle "CBM 186 Extra"]
[Source "ChessBase"]
[SourceDate "2018.08.24"]
[SourceVersion "1"]
[SourceVersionDate "2018.08.24"]
[SourceQuality "1"]

1. d4 c5 2. d5 e5 3. e4 d6 4. Nc3 a6 5. a4 Be7 6. Bd3 Bg5 7. Nf3 Bxc1 8. Qxc1 Ne7 9. 0-0 0-0 10. Nd2 Nd7 11. Nc4 Nb6 12. Ne3 a5 13. Nb5 Ng6 14. g3 Bh3 15. Re1 Qf6 16. Bf1 Bd7 17. Qd2 Ne7 18. Qd3 Qg6 19. Qb3 Nbc8 20. Nc4 b6 21. Nbxd6 Qf6 22. Nb5 Rb8 23. Rad1 Bxb5 24. Qxb5 Nd6 25. Nxd6 Qxd6 26. Bh3 Rbd8 27. Qd3 Qh6 28. Kg2 Nc8 29. Bxc8 Rxc8 30. d6 Rfd8 31. Qd5 Qe6 32. c4 Qxd5 33. Rxd5 f6 34. f4 exf4 35. gxf4 Kf7 36. e5 fxe5 37. fxe5 Ke6 38. Rf1 Rb8 39. Rf4 Rb7 40. Kf3 b5 41. Rxc5 bxc4 42. Rfxc4 Rxb2 43. Rc8 Rd7 44. Re8+ Kd5 45. Rc7 Rb7 46. Rxd7 Rxd7 47. Re7 Rd8 48. d7 Ra8 1-0